000 00586cam a2200157 4500500
005 20260405000948.0
041 _afre
042 _adc
100 1 0 _aMambrino, Jean
_eauthor
245 0 0 _aDrama
260 _c2002.
500 _a61
520 _aAs Art Deco celebrates its centenary, a number of exhibitions in Paris and the surrounding area reflect on the singularity and influence of this movement.
786 0 _nÉtudes | Volume 396 | 1 | 2002-01-01 | p. 105-109 | 0014-1941
856 4 1 _uhttps://shs.cairn.info/journal-etudes-2002-1-page-105?lang=en&redirect-ssocas=7080
999 _c2042594
_d2042595